书目信息 |
| 题名: |
中国邮政编码大全
|
|
| 作者: | ;邮电部邮政总局 主编 | |
| 分册: | 第二卷 工业、企业卷 | |
| 出版信息: | 北京 人民邮电出版社 1989.9 |
|
| 页数: | 642页 | |
| 开本: | 26cm | |
| 丛书名: | ||
| 单 册: | ||
| 中图分类: | F614-62 | |
| 科图分类: | ||
| 主题词: | 编码-邮政--中国--手册 , 工业企业-邮政-编码--中国--手册 , 邮政-编码--中国--手册 | |
| 电子资源: | ||
| ISBN: | 7-115-04058-3 | |
| 000 | 00927nam0 2200241 45 | |
| 001 | 0190009859 | |
| 005 | 20061030151122.29 | |
| 010 | @a7-115-04058-3@dCNY20.00 | |
| 100 | @a19921209d1989 em y0chiy0121 ea | |
| 101 | 0 | @achi |
| 102 | @aCN@b110000 | |
| 105 | @ay z 000yy | |
| 200 | 10 | @a中国邮政编码大全@AZHONG GUO YOU ZHENG BIAN MA DA QUAN@h第二卷@i工业、企业卷@IGONG YE 、 QI YE JUAN@h中@f邮电部邮政总局主编@FYOU DIAN BU YOU ZHENG ZONG JU ZHU BIAN |
| 210 | @a北京@c人民邮电出版社@d1989.9 | |
| 215 | @a642页@d26cm | |
| 540 | 1 | @a中国 邮政 编码 大全 第二卷 工业 企业卷@AZHONG GUO YOU ZHENG BIAN MA DA QUAN DI ER JUAN GONG YE QI YE JUAN |
| 606 | @a编码-邮政@y中国@x手册 | |
| 606 | @a工业企业-邮政-编码@y中国@x手册 | |
| 606 | @a邮政-编码@y中国@x手册 | |
| 690 | @aF614-62@v3 | |
| 711 | 02 | @a邮电部邮政总局@AYOU DIAN BU YOU ZHENG ZONG JU@4主编 |
| 801 | 0 | @aCN@bTSSF@c20061030 |
| 905 | @a10447@dF614-62@e1:2(2) | |
| 中国邮政编码大全.第二卷.工业、企业卷.中/邮电部邮政总局主编.-北京:人民邮电出版社,1989.9 |
| 642页;26cm |
| ISBN 7-115-04058-3:CNY20.00 |
| ● |
| 相关链接 |
|
|
|
|
正题名:中国邮政编码大全
索取号:F614-62/1:2(2)
 
预约/预借
| 序号 | 登录号 | 条形码 | 馆藏地/架位号 | 状态 | 备注 |
| 1 | 0228231 | 002058454 | 第一样本阅览室/ [索取号:F614-62/1:2(2)] | 在馆 |